| 000 | 01468nam a2200361 i 4500 | ||
|---|---|---|---|
| 999 |
_c200459678 _d77890 |
||
| 003 | TR-AnTOB | ||
| 005 | 20240204140224.0 | ||
| 007 | ta | ||
| 008 | 171111s2022 xxu e mmmm 00| 0 eng d | ||
| 035 | _a(TR-AnTOB)200459677 | ||
| 040 |
_aTR-AnTOB _beng _erda _cTR-AnTOB |
||
| 041 | 0 | _atur | |
| 099 | _aTEZ TOBB FBE MAK Ph.D’23 OFL | ||
| 100 | 1 |
_aOflaz, Emre _eauthor _9144839 |
|
| 245 | 1 | 0 |
_aDoğrudan mürekkeple katmanlı imalat yöntemi kullanılarak kompozit malzemelerin üretilmesi ve mekanik özelliklerinin deneysel olarak incelenmesi / _cEmre Oflaz; thesis advisor Teyfik Demir. |
| 246 | 1 | 3 | _aProduction of composite materials using direct ink writing additive manufacturing method and experimental investigation of their mechanical properties |
| 264 | 1 |
_aAnkara : _bTOBB ETÜ Fen Bilimleri Enstitüsü, _c2024. |
|
| 300 |
_axxii, 100 pages : _billustrations ; _c29 cm |
||
| 336 |
_atext _btxt _2rdacontent |
||
| 337 |
_aunmediated _bn _2rdamedia |
||
| 338 |
_avolume _bnc _2rdacarrier |
||
| 502 | _aTez (Doktora Tezi)--TOBB ETÜ Fen Bilimleri Enstitüsü Eylül 2023 | ||
| 653 | _aDoğrudan mürekkep metodu | ||
| 653 | _aKatmanlı imalat | ||
| 653 | _aKompozit | ||
| 653 | _aDirect ink writing | ||
| 653 | _a Additive manufacturing | ||
| 653 | _aComposite | ||
| 700 | 1 |
_aDemir, Teyfik _946900 _eadvisor |
|
| 710 |
_aTOBB Ekonomi ve Teknoloji Üniversitesi. _bFen Bilimleri Enstitüsü _977078 |
||
| 942 |
_cTEZ _2z |
||